[Event "36th ECC Open 2021"]
[Site "Struga MKD"]
[Date "2021.09.18"]
[Round "1.10"]
[Board "2"]
[White "Ivanisevic, Ivan"]
[Black "Kristensen, Kaare Hove"]
[Result "1-0"]
[WhiteTitle "GM"]
[BlackTitle "IM"]
[WhiteElo "2582"]
[BlackElo "2336"]
[WhiteTeam "Sloven Ruma"]
[BlackTeam "Nordkalotten"]
[WhiteFideId "912417"]
[BlackFideId "1400940"]
[EventDate "2021.09.18"]
[EventType "team"]

1. c4 e6 2. Nc3 d5 3. d4 c6 4. Nf3 dxc4 5. a4 Nf6 6. e3 c5 7. Bxc4 cxd4 8. Nxd4
Be7 9. O-O O-O 10. Qe2 Bd7 11. Rd1 Qa5 12. Bd2 Qh5 13. Qxh5 Nxh5 14. g4 Nf6 15.
g5 Ne8 16. Ne4 Nc6 17. Nf3 Rd8 18. Bc3 Nc7 19. h4 Bc8 20. Ne5 Nb4 21. Rac1 Nbd5
22. Bd4 b6 23. Bxd5 Nxd5 24. Nc6 Rd7 25. Be5 Re8 26. Nxe7+ Nxe7 27. Rxd7 Bxd7
28. Rc7 Rd8 29. Nd6 Ng6 30. Bg3 Bxa4 31. h5 Nf8 32. h6 gxh6 33. Nxf7 Rd7 34.
Nxh6+ Kg7 35. Rc8 Rd5 36. f4 Bd7 37. Rc7 a5 38. Be1 Kg6 39. Bc3 Kh5 40. Ng8 Rd1+
41. Kf2 Kh4 42. Nf6 Bb5 43. Rf7 Kh3 44. Be1 Rd8 45. e4 e5 46. f5 Kh4 47. Rg7 Nd7
48. Kg2# 1-0

[Event "36th ECC Open 2021"]
[Site "Struga MKD"]
[Date "2021.09.18"]
[Round "1.10"]
[Board "3"]
[White "Sylvan, Jacob"]
[Black "Perunovic, Milos"]
[Result "0-1"]
[WhiteTitle "IM"]
[BlackTitle "GM"]
[WhiteElo "2307"]
[BlackElo "2566"]
[WhiteTeam "Nordkalotten"]
[BlackTeam "Sloven Ruma"]
[WhiteFideId "1402137"]
[BlackFideId "921629"]
[EventDate "2021.09.18"]
[EventType "team"]

1. e4 c5 2. Nf3 e6 3. d4 cxd4 4. Nxd4 Nc6 5. Nc3 Qc7 6. g3 a6 7. Bg2 Nf6 8. O-O
Bc5 9. Bf4 Ne5 10. Na4 Ba7 11. c4 d6 12. Rc1 O-O 13. c5 Bd7 14. Nf3 Qa5 15. Bxe5
dxe5 16. Nb6 Bxb6 17. cxb6 Bc6 18. Qd6 Rad8 19. Qc5 Qxc5 20. Rxc5 Nd7 21. Rc3
Bxe4 22. Re1 Bc6 23. Ng5 Bxg2 24. Kxg2 Nxb6 25. Rb3 Rd6 26. Ne4 Rc6 27. Nc5 Rxc5
28. Rxb6 Rb8 29. Rd1 Rc7 30. Rd3 Kf8 31. Rdb3 Ke7 32. Rxa6 bxa6 33. Rxb8 e4 34.
h4 f5 35. Kf1 Rc2 36. a4 Kf6 37. a5 h6 38. Rb6 g5 39. hxg5+ hxg5 40. Rxa6 Rxb2
41. Rb6 Ra2 42. a6 f4 43. gxf4 gxf4 44. Rc6 Kf5 45. Rb6 e5 46. Rh6 Kg4 47. Ke1
Kf3 48. Rh3+ Kg2 49. Rh6 Ra1+ 50. Ke2 f3+ 51. Ke3 Re1+ 52. Kd2 Re2+ 53. Kd1 Ra2
54. Ke1 Ra1+ 55. Kd2 Kxf2 56. Rh2+ Kg3 57. Rh6 f2 58. Rg6+ Kh4 0-1

[Event "36th ECC Open 2021"]
[Site "Struga MKD"]
[Date "2021.09.18"]
[Round "1.10"]
[Board "4"]
[White "Miljkovic, Miroslav D"]
[Black "Hove, Esben Kjems"]
[Result "1/2-1/2"]
[WhiteTitle "GM"]
[BlackTitle "FM"]
[WhiteElo "2470"]
[BlackElo "2315"]
[WhiteTeam "Sloven Ruma"]
[BlackTeam "Nordkalotten"]
[WhiteFideId "922722"]
[BlackFideId "1401505"]
[EventDate "2021.09.18"]
[EventType "team"]

1. d4 d5 2. c4 c6 3. cxd5 cxd5 4. Bf4 Nc6 5. e3 Nf6 6. Bb5 Bd7 7. Nc3 a6 8. Bd3
Bg4 9. f3 Bd7 10. Nge2 e6 11. Bg3 Na5 12. b3 b5 13. O-O Be7 14. Rc1 Ra7 15. Nb1
O-O 16. Qd2 Qb6 17. Rc2 Nc6 18. a3 Na5 19. Nc1 b4 20. a4 Nxb3 21. Nxb3 Bxa4 22.
Rb2 Bxb3 23. Rxb3 a5 24. Na3 a4 25. Rbb1 Qa5 26. Nc2 b3 27. Qxa5 Rxa5 28. Na1
Rc8 29. Rfd1 Ne8 30. Nxb3 axb3 31. Rxb3 Ra3 1/2-1/2

[Event "36th ECC Open 2021"]
[Site "Struga MKD"]
[Date "2021.09.18"]
[Round "1.10"]
[Board "5"]
[White "Jakobsen, Peter"]
[Black "Kosanovic, Goran A"]
[Result "1/2-1/2"]
[WhiteTitle "FM"]
[BlackTitle "GM"]
[WhiteElo "2202"]
[BlackElo "2311"]
[WhiteTeam "Nordkalotten"]
[BlackTeam "Sloven Ruma"]
[WhiteFideId "1401440"]
[BlackFideId "901466"]
[EventDate "2021.09.18"]
[EventType "team"]

1. d4 Nf6 2. c4 e6 3. Nc3 d5 4. Bg5 Be7 5. e3 O-O 6. Nf3 b6 7. cxd5 Nxd5 8. Bxe7
Qxe7 9. Nxd5 exd5 10. Rc1 Bb7 11. Be2 c6 12. O-O Nd7 13. Qa4 a5 14. Rfe1 g6 15.
Bd3 f5 16. Bf1 Qb4 17. Qc2 Qd6 18. g3 Rfe8 19. Bg2 Rac8 20. Qb3 Qb4 21. Qc2 Qd6
22. Qb3 Qb4 23. Qc2 Qd6 1/2-1/2

[Event "36th ECC Open 2021"]
[Site "Struga MKD"]
[Date "2021.09.18"]
[Round "1.10"]
[Board "6"]
[White "Stankovic, Milos"]
[Black "Noer, Martin Stampe"]
[Result "1-0"]
[WhiteTitle "IM"]
[WhiteElo "2409"]
[BlackElo "1835"]
[WhiteTeam "Sloven Ruma"]
[BlackTeam "Nordkalotten"]
[WhiteFideId "938190"]
[BlackFideId "1412221"]
[EventDate "2021.09.18"]
[EventType "team"]

1. e4 c6 2. d4 d5 3. e5 Bf5 4. Nf3 e6 5. Be2 Nd7 6. O-O h6 7. Nbd2 Ne7 8. Nb3
Bh7 9. c3 Nf5 10. Bd3 g5 11. h3 Ne7 12. Nh2 Bxd3 13. Qxd3 Ng6 14. f4 gxf4 15.
Bxf4 Qb6 16. Be3 Bg7 17. Ng4 h5 18. Rxf7 Ngf8 19. Rxg7 hxg4 20. Bg5 Rh5 21. hxg4
Rxg5 22. Rxg5 O-O-O 23. Rf1 c5 24. dxc5 Nxc5 25. Nxc5 Qxc5+ 26. Qd4 b6 27. Qxc5+
bxc5 28. Rg8 Nd7 29. Rxd8+ Kxd8 30. g5 Ke7 31. g6 1-0

[Event "36th ECC Open 2021"]
[Site "Struga MKD"]
[Date "2021.09.18"]
[Round "1.11"]
[Board "1"]
[White "Donchenko, Alexander"]
[Black "Sorensen, Hampus"]
[Result "1-0"]
[WhiteTitle "GM"]
[BlackTitle "FM"]
[WhiteElo "2641"]
[BlackElo "2383"]
[WhiteTeam "Skakfelag Selfoss"]
[BlackTeam "Team Pelaro Alingsas"]
[WhiteFideId "24603295"]
[BlackFideId "8703884"]
[EventDate "2021.09.18"]
[EventType "team"]

1. c4 e5 2. g3 Nf6 3. Bg2 d5 4. cxd5 Nxd5 5. Nf3 Nc6 6. O-O Nb6 7. b3 Be7 8. Bb2
f6 9. Nc3 O-O 10. Rc1 Be6 11. d4 Nxd4 12. Nxd4 exd4 13. Ne4 d3 14. e3 Qd7 15.
Bd4 c6 16. Qxd3 Rfd8 17. Rfd1 Bg4 18. f3 Be6 19. Qc2 Qe8 20. Nc5 Bxc5 21. Bxc5
Rxd1+ 22. Rxd1 Rd8 23. e4 Rd7 24. g4 h5 25. h3 hxg4 26. hxg4 Qd8 27. Rxd7 Nxd7
28. Qd2 Qc7 29. Bd6 Qb6+ 30. Kh2 Kf7 31. g5 Qb5 32. f4 f5 33. Qd1 Kg6 34. Kg3
Qb6 35. Bf3 Kf7 36. Qh1 Nf8 37. Qe1 Ng6 38. Qd1 Qe3 39. exf5 Bxf5 40. Qe2 Qxe2
41. Bxe2 Ne7 42. Bc5 a6 43. Bg4 Bb1 44. a3 Nf5+ 45. Kf2 Bc2 46. b4 g6 47. Ke2
Be4 48. Kd2 Ke6 49. Kc3 Bd5 50. Kd3 Bg2 51. Bd1 Bd5 52. Bf2 Kd6 53. Bc2 Ke6 54.
Kc3 Kf7 55. a4 Ke6 56. Bd3 Kf7 57. Bd4 Ke6 58. Be5 Kf7 59. b5 cxb5 60. axb5 axb5
61. Bxb5 Be6 62. Kb4 b6 63. Be2 Bd7 64. Bc4+ Be6 65. Bd3 Bd7 66. Kc4 Ne7 67. Bc7
Be6+ 68. Kd4 Nc6+ 69. Kc3 Ne7 70. Bd6 Nf5 71. Ba3 Bd7 72. Kc4 Ne3+ 73. Kd4 Nf5+
74. Ke5 b5 75. Bc5 Ng3 76. Bb4 Nf5 77. Be1 Ke7 78. Ba5 Kf7 79. Bb4 Kg7 80. Be4
Be8 81. Bc3 Bf7 82. Bxf5 gxf5 83. Kxf5+ Kg8 84. g6 Ba2 85. Kf6 Bb1 86. Bb4 Bc2
87. f5 Be4 88. Kg5 Bc6 89. f6 Be8 90. Kh6 Bxg6 91. Kxg6 Kh8 92. Kf7 1-0

[Event "36th ECC Open 2021"]
[Site "Struga MKD"]
[Date "2021.09.18"]
[Round "1.11"]
[Board "2"]
[White "Andreasson, Ingvar"]
[Black "Demchenko, Anton"]
[Result "0-1"]
[BlackTitle "GM"]
[WhiteElo "2331"]
[BlackElo "2610"]
[WhiteTeam "Team Pelaro Alingsas"]
[BlackTeam "Skakfelag Selfoss"]
[WhiteFideId "1700294"]
[BlackFideId "4160258"]
[EventDate "2021.09.18"]
[EventType "team"]

1. Nf3 Nf6 2. g3 g6 3. Bg2 Bg7 4. O-O O-O 5. c4 d6 6. Nc3 e5 7. d3 h6 8. Rb1 a5
9. a3 c6 10. b4 axb4 11. axb4 Be6 12. Bd2 Nbd7 13. Qc1 Kh7 14. e4 Ng8 15. Ra1
Rb8 16. Ra7 Ne7 17. Qa3 f5 18. exf5 Bxf5 19. Ne4 Nc8 20. Ra5 b6 21. Ra8 d5 22.
cxd5 cxd5 23. Neg5+ Kh8 24. Rc1 hxg5 25. Rxb8 Nxb8 26. Nxg5 Bf6 27. h4 Qd6 28.
Qa8 Ne7 29. Qb7 Kg8 30. b5 Rc8 31. Rxc8+ Bxc8 32. Qa8 Kg7 33. d4 exd4 34. h5
gxh5 35. Nh3 Ng6 0-1

[Event "36th ECC Open 2021"]
[Site "Struga MKD"]
[Date "2021.09.18"]
[Round "1.11"]
[Board "3"]
[White "Antipov, Mikhail Al."]
[Black "Agrest, Inna"]
[Result "1-0"]
[WhiteTitle "GM"]
[BlackTitle "WIM"]
[WhiteElo "2607"]
[BlackElo "2256"]
[WhiteTeam "Skakfelag Selfoss"]
[BlackTeam "Team Pelaro Alingsas"]
[WhiteFideId "4107012"]
[BlackFideId "1708830"]
[EventDate "2021.09.18"]
[EventType "team"]

1. e4 e5 2. Nf3 Nc6 3. Bc4 Nf6 4. d3 h6 5. a4 d6 6. c3 g5 7. Qb3 Qe7 8. a5 a6 9.
Nbd2 Bg7 10. Nf1 g4 11. Nh4 Nh5 12. g3 Bf6 13. Nf5 Bxf5 14. exf5 Rb8 15. Ne3 Bg5
16. Nd5 Qd8 17. Bxg5 hxg5 18. h3 Nf6 19. Nxf6+ Qxf6 20. Bd5 Kd7 21. hxg4 Rxh1+
22. Bxh1 Rh8 23. Ke2 e4 24. Bxe4 Re8 25. Kd2 Ne5 26. Qxb7 Rh8 27. d4 Nxg4 28.
Re1 d5 29. Qxd5+ Kc8 30. Qb7+ Kd7 31. Bc2 1-0

[Event "36th ECC Open 2021"]
[Site "Struga MKD"]
[Date "2021.09.18"]
[Round "1.11"]
[Board "4"]
[White "Rasti, Arvin"]
[Black "Lomasov, Semyon"]
[Result "0-1"]
[BlackTitle "IM"]
[WhiteElo "2219"]
[BlackElo "2526"]
[WhiteTeam "Team Pelaro Alingsas"]
[BlackTeam "Skakfelag Selfoss"]
[WhiteFideId "1741160"]
[BlackFideId "24164879"]
[EventDate "2021.09.18"]
[EventType "team"]

1. d4 Nf6 2. Nf3 e6 3. c4 b6 4. a3 Ba6 5. Qc2 Bb7 6. Nc3 c5 7. dxc5 bxc5 8. Bf4
Nh5 9. Bd2 Nc6 10. e3 Nf6 11. Bd3 Be7 12. O-O Qb8 13. Ne4 Nxe4 14. Bxe4 f5 15.
Bd3 g5 16. Bc3 Rf8 17. b4 g4 18. Nd2 cxb4 19. axb4 Nxb4 20. Bxb4 Bxb4 21. c5 Qe5
22. Rab1 a5 23. Nc4 Qxc5 24. Nxa5 Qxa5 25. Qb3 Bc6 26. Rfc1 Be7 0-1

[Event "36th ECC Open 2021"]
[Site "Struga MKD"]
[Date "2021.09.18"]
[Round "1.11"]
[Board "5"]
[White "Arngrimsson, Dagur"]
[Black "Wengholm, Anders"]
[Result "1-0"]
[WhiteTitle "IM"]
[WhiteElo "2383"]
[BlackElo "2198"]
[WhiteTeam "Skakfelag Selfoss"]
[BlackTeam "Team Pelaro Alingsas"]
[WhiteFideId "2301288"]
[BlackFideId "1704818"]
[EventDate "2021.09.18"]
[EventType "team"]

1. d4 d6 2. Nf3 g6 3. c4 Bg7 4. Nc3 Nf6 5. Bf4 O-O 6. h3 Nbd7 7. e3 a6 8. Bh2 c5
9. Be2 cxd4 10. exd4 Qa5 11. O-O e5 12. a3 exd4 13. Nxd4 Qc7 14. Nc2 Ne5 15. Ne3
Be6 16. Rc1 Rac8 17. b3 Rfd8 18. Kh1 Qa5 19. f4 Nc6 20. f5 gxf5 21. Ncd5 Bxd5
22. cxd5 Ne7 23. Rxc8 Rxc8 24. Bxd6 Nfxd5 25. Nxf5 Qc3 26. Bc4 Ne3 1-0

[Event "36th ECC Open 2021"]
[Site "Struga MKD"]
[Date "2021.09.18"]
[Round "1.11"]
[Board "6"]
[White "Johansson, Eva"]
[Black "Lagerman, Robert"]
[Result "0-1"]
[BlackTitle "FM"]
[WhiteElo "1847"]
[BlackElo "2300"]
[WhiteTeam "Team Pelaro Alingsas"]
[BlackTeam "Skakfelag Selfoss"]
[WhiteFideId "1724584"]
[BlackFideId "2300362"]
[EventDate "2021.09.18"]
[EventType "team"]

1. d4 Nf6 2. Nf3 c5 3. c4 cxd4 4. Nxd4 e5 5. Nc2 Bc5 6. e3 O-O 7. Be2 d5 8. O-O
Nc6 9. cxd5 Nxd5 10. Nd2 Be6 11. a3 a5 12. Ne4 Be7 13. Bd2 Qb6 14. Rb1 Rfd8 15.
Qc1 Rac8 16. Nc3 Nf6 17. Rd1 Bb3 18. Be1 e4 19. Rxd8+ Qxd8 20. Na1 Be6 21. Qd2
Qxd2 22. Bxd2 Ne5 23. Nc2 Bc4 24. Kf1 Bd3 25. Bxd3 exd3 26. Nd4 Nc4 27. Nf3 Bxa3
28. bxa3 Nxd2+ 29. Nxd2 Rxc3 30. f3 Rxa3 31. Rxb7 Kf8 32. e4 Ra2 33. Ke1 a4 34.
Ra7 a3 35. g3 Ke8 36. h4 Nd7 37. Nc4 Re2+ 38. Kd1 a2 39. Nd2 Rg2 0-1

[Event "36th ECC Open 2021"]
[Site "Struga MKD"]
[Date "2021.09.18"]
[Round "1.13"]
[Board "1"]
[White "Westerberg, Jonathan"]
[Black "Uruci, Endrit"]
[Result "1/2-1/2"]
[WhiteTitle "GM"]
[WhiteElo "2526"]
[BlackElo "2279"]
[WhiteTeam "Stocholms SS"]
[BlackTeam "Dardania"]
[WhiteFideId "1701754"]
[BlackFideId "22100199"]
[EventDate "2021.09.18"]
[EventType "team"]

1. e4 c5 2. Nc3 Nc6 3. f4 g6 4. Nf3 Bg7 5. Bb5 Nd4 6. O-O a6 7. Bd3 d6 8. Nxd4
Bxd4+ 9. Kh1 b5 10. a4 b4 11. Ne2 Bg7 12. c3 Nf6 13. cxb4 cxb4 14. Qb3 Rb8 15.
e5 dxe5 16. fxe5 Nd5 17. Be4 Bb7 18. d4 O-O 19. Bg5 Qd7 20. Bf3 Kh8 21. Rac1 f6
22. exf6 exf6 23. Bd2 f5 24. a5 Rfe8 25. Rc5 Bf8 26. Rcc1 Bg7 27. h3 Nf6 28. Bf4
Bxf3 29. Qxf3 Rbc8 30. Be5 Ne4 31. Bxg7+ Kxg7 32. Qf4 Qb5 33. Ng3 Rc4 34. Nxe4
Rxe4 35. Qd6 Rexd4 36. Qe7+ Kg8 37. Rcd1 Qd5 38. Qe8+ Kg7 39. Qe7+ Qf7 40. Qe5+
Qf6 41. Qb8 Kh6 42. b3 Rxd1 43. Rxd1 Re4 44. Qc7 Qe5 45. Qc1+ f4 46. Qc8 Re1+
47. Rxe1 Qxe1+ 48. Kh2 Qg3+ 49. Kh1 Qe1+ 50. Kh2 Qe5 51. Qf8+ Kg5 52. Qxb4 f3+
53. Kh1 fxg2+ 54. Kxg2 Qe2+ 55. Kg3 Qe3+ 56. Kg2 h5 57. h4+ Kf5 58. Qf8+ Kg4 59.
Qb4+ Kf5 60. Qf8+ 1/2-1/2

[Event "36th ECC Open 2021"]
[Site "Struga MKD"]
[Date "2021.09.18"]
[Round "1.13"]
[Board "2"]
[White "Saraci, Korab"]
[Black "Seo, Jung Min"]
[Result "1/2-1/2"]
[BlackTitle "IM"]
[WhiteElo "2154"]
[BlackElo "2469"]
[WhiteTeam "Dardania"]
[BlackTeam "Stocholms SS"]
[WhiteFideId "4701968"]
[BlackFideId "1734687"]
[EventDate "2021.09.18"]
[EventType "team"]

1. e4 c6 2. d4 d5 3. Nc3 dxe4 4. Nxe4 Nf6 5. Nxf6+ exf6 6. Nf3 Bd6 7. Be2 Nd7 8.
O-O O-O 9. c3 Re8 10. Qc2 Nf8 11. Re1 Ng6 12. Bd2 Be6 13. Bd3 Qd7 14. h4 Bh3 15.
g3 Qg4 16. Nh2 Qh5 17. Qd1 Rxe1+ 18. Bxe1 Qd5 19. Qf3 Qxf3 20. Nxf3 Bg4 21. Nd2
Re8 22. Nc4 Bc7 23. Bd2 Be6 24. Ne3 Rd8 25. Nc2 Ne5 26. Be2 Nc4 27. Bc1 Bb6 28.
Ne3 Nd6 29. Bf3 a5 30. b3 f5 31. Bb2 Ne4 32. Nc4 Bc7 33. Re1 b5 34. Ne5 Bxe5 35.
dxe5 a4 36. Rd1 Rxd1+ 37. Bxd1 axb3 38. axb3 Nc5 39. c4 bxc4 40. b4 Nd3 41. Bc3
Kf8 42. f4 Nc1 43. Kf2 Na2 44. Be1 c3 45. Ke3 Nxb4 46. Kd4 Nd5 47. Ba4 Nb6 48.
Bxc6 c2 49. Bb4+ Kg8 50. Ba3 Nc4 51. Bc1 Na5 52. Ba4 Bb3 53. Bd7 Be6 54. Bxe6
fxe6 55. Kc3 Kf7 56. Kxc2 Kg6 57. Kc3 Nc6 58. Kc4 Ne7 59. Bd2 1/2-1/2

[Event "36th ECC Open 2021"]
[Site "Struga MKD"]
[Date "2021.09.18"]
[Round "1.13"]
[Board "3"]
[White "Lokander, Martin"]
[Black "Budima, Armend"]
[Result "1-0"]
[WhiteTitle "IM"]
[BlackTitle "CM"]
[WhiteElo "2452"]
[BlackElo "2171"]
[WhiteTeam "Stocholms SS"]
[BlackTeam "Dardania"]
[WhiteFideId "1709569"]
[BlackFideId "3612236"]
[EventDate "2021.09.18"]
[EventType "team"]

1. d4 Nf6 2. c4 g6 3. Nc3 Bg7 4. e4 O-O 5. f3 Nc6 6. Be3 e5 7. Nge2 Nh5 8. d5
Na5 9. Qd3 b6 10. g4 Nf4 11. Nxf4 exf4 12. Bxf4 Ba6 13. b3 Qf6 14. Bd2 Qh4+ 15.
Kd1 c6 16. Rc1 Rac8 17. Qe3 Qe7 18. h4 Qa3 19. Rc2 Nb7 20. h5 Qe7 21. g5 Rfe8
22. h6 Bh8 23. f4 Nd6 24. Bg2 Nf5 25. exf5 Qxe3 26. Bxe3 Rxe3 27. f6 Rce8 28.
Re2 Rxe2 29. Nxe2 cxd5 30. Bxd5 b5 31. Re1 bxc4 32. Bxc4 Bxc4 33. bxc4 Kf8 34.
Nc3 Rc8 35. Re4 Rc6 36. Nd5 Re6 37. Re5 d6 38. Re2 Rxe2 39. Kxe2 Ke8 40. Kd3 Kd7
41. Kd4 Ke6 42. Ke4 a5 43. a4 Kd7 44. Ne3 Ke6 45. Ng4 1-0

[Event "36th ECC Open 2021"]
[Site "Struga MKD"]
[Date "2021.09.18"]
[Round "1.13"]
[Board "4"]
[White "Salihu, Sami"]
[Black "Ertan, Can"]
[Result "1/2-1/2"]
[BlackTitle "IM"]
[WhiteElo "2207"]
[BlackElo "2384"]
[WhiteTeam "Dardania"]
[BlackTeam "Stocholms SS"]
[WhiteFideId "935476"]
[BlackFideId "6306330"]
[EventDate "2021.09.18"]
[EventType "team"]

1. d4 Nf6 2. Nf3 e6 3. e3 b6 4. Bd3 Ba6 5. O-O Bxd3 6. Qxd3 d5 7. Nbd2 Be7 8. e4
O-O 9. Ne5 Nfd7 10. Ndf3 Nxe5 11. Nxe5 Bf6 12. Nf3 Nd7 13. exd5 exd5 14. Qf5 c6
15. Bf4 Re8 16. Rfe1 Nf8 17. Bg5 Bxg5 18. Nxg5 Qc7 19. c3 Re7 20. Nf3 Rae8 21.
Rxe7 Qxe7 22. g3 Qd7 23. Qd3 Re4 24. Ng5 Re7 1/2-1/2

[Event "36th ECC Open 2021"]
[Site "Struga MKD"]
[Date "2021.09.18"]
[Round "1.13"]
[Board "5"]
[White "Arman, Deniz"]
[Black "Hamiti, Gani"]
[Result "0-1"]
[WhiteTitle "FM"]
[BlackTitle "FM"]
[WhiteElo "2336"]
[BlackElo "2123"]
[WhiteTeam "Stocholms SS"]
[BlackTeam "Dardania"]
[WhiteFideId "6302106"]
[BlackFideId "4701194"]
[EventDate "2021.09.18"]
[EventType "team"]

1. e4 e5 2. Nf3 Nc6 3. Bb5 f5 4. Nc3 fxe4 5. Nxe4 Nf6 6. Nxf6+ Qxf6 7. Qe2 Be7
8. Bxc6 dxc6 9. Nxe5 O-O 10. d4 Bd6 11. f4 c5 12. dxc5 Bxe5 13. Qxe5 Qh4+ 14. g3
Qh3 15. Be3 Bg4 16. Kf2 Rae8 17. Qd5+ Kh8 18. Rae1 Bd7 19. Qxb7 Re6 20. Qg2 Qf5
21. g4 Qxc2+ 22. Kg3 Qg6 23. h3 Bc6 24. Qd2 Bxh1 25. Rxh1 Qe4 26. Re1 Rfe8 27.
Bf2 Qc6 28. Rxe6 Qxe6 29. a3 c6 30. Qc3 Qe4 31. Qd2 h6 32. Qc3 Rd8 33. Qe5 Rd3+
34. Kh4 Qf3 35. Qe8+ Kh7 36. Kh5 Rd5+ 37. f5 Rxf5+ 0-1

[Event "36th ECC Open 2021"]
[Site "Struga MKD"]
[Date "2021.09.18"]
[Round "1.13"]
[Board "6"]
[White "Jashari, Ardian"]
[Black "Thorn, Eric"]
[Result "0-1"]
[WhiteTitle "FM"]
[BlackTitle "FM"]
[WhiteElo "2109"]
[BlackElo "2292"]
[WhiteTeam "Dardania"]
[BlackTeam "Stocholms SS"]
[WhiteFideId "955388"]
[BlackFideId "1710729"]
[EventDate "2021.09.18"]
[EventType "team"]

1. e4 e5 2. Nf3 Nc6 3. d4 exd4 4. Nxd4 Nf6 5. Nxc6 bxc6 6. e5 Qe7 7. Qe2 Nd5 8.
c4 Nb6 9. Nd2 a5 10. h4 Qe6 11. g3 Bb4 12. a3 Bxd2+ 13. Bxd2 Ba6 14. Rc1 O-O 15.
Bh3 f5 16. exf6 Qxe2+ 17. Kxe2 Bxc4+ 18. Ke1 Rxf6 19. Be3 Bd5 20. Rg1 Nc4 21.
Rxc4 Bxc4 22. Kd2 Be6 23. Bg2 Bd5 24. Bh3 d6 25. Re1 Rb8 26. Kc1 c5 27. Bd7 Rf7
28. Bg4 Re8 29. Bh5 g6 30. Bd1 Bf3 31. Ba4 Re4 32. Bc2 Re5 33. Bd2 Rxe1+ 34.
Bxe1 Bc6 35. Bxa5 Rxf2 36. Bxc7 d5 37. Bb6 Rf1+ 38. Kd2 c4 39. a4 Rf3 40. a5
Rxg3 41. a6 h5 42. a7 Ba8 43. Bd1 d4 44. Bc7 Rg2+ 45. Kc1 g5 0-1

[Event "36th ECC Open 2021"]
[Site "Struga MKD"]
[Date "2021.09.18"]
[Round "1.14"]
[Board "1"]
[White "Elsness, Frode"]
[Black "Dardha, Daniel"]
[Result "0-1"]
[WhiteTitle "IM"]
[BlackTitle "IM"]
[WhiteElo "2467"]
[BlackElo "2521"]
[WhiteTeam "Baerum Schakselskap"]
[BlackTeam "Schachfreunde Wirtzfeld"]
[WhiteFideId "1501100"]
[BlackFideId "240990"]
[EventDate "2021.09.18"]
[EventType "team"]

1. d4 Nf6 2. c4 a6 3. Nc3 c5 4. dxc5 e6 5. g3 Bxc5 6. Bg2 O-O 7. Nf3 Nc6 8. O-O
b5 9. cxb5 axb5 10. Nxb5 Ba6 11. Nc3 d5 12. Bf4 Rc8 13. Rc1 Qe7 14. Qa4 Qb7 15.
Nxd5 Bxf2+ 16. Rxf2 Nxd5 17. Bd2 Qb6 18. e3 Ncb4 19. Rxc8 Rxc8 20. Ne5 Nxe3 21.
Nd7 Qd4 22. Bc3 Qd3 23. Qxb4 Qd1+ 24. Be1 Nxg2 25. Kxg2 Qxd7 26. Bc3 Bb7+ 27.
Kh3 f6 28. Qg4 h5 29. Qxh5 e5+ 30. Qf5 Qe8 31. g4 Rc4 32. Qh5 Qc6 33. Kg3 Rxc3+ 0-1

[Event "36th ECC Open 2021"]
[Site "Struga MKD"]
[Date "2021.09.18"]
[Round "1.14"]
[Board "2"]
[White "Hera, Imre Jr."]
[Black "Mihajlov, Sebastian"]
[Result "1-0"]
[WhiteTitle "GM"]
[BlackTitle "IM"]
[WhiteElo "2582"]
[BlackElo "2381"]
[WhiteTeam "Schachfreunde Wirtzfeld"]
[BlackTeam "Baerum Schakselskap"]
[WhiteFideId "716855"]
[BlackFideId "1512110"]
[EventDate "2021.09.18"]
[EventType "team"]

1. Nf3 Nf6 2. g3 g6 3. c4 Bg7 4. Bg2 O-O 5. O-O c6 6. b3 d5 7. Bb2 a5 8. Nc3 e6
9. d3 Nbd7 10. Qc2 Qe7 11. Rac1 Re8 12. Nb1 e5 13. cxd5 Nxd5 14. a3 Nc7 15. Nbd2
Nb5 16. Nc4 Nd4 17. Nxd4 exd4 18. Rfe1 Nf8 19. e4 Be6 20. e5 Bxc4 21. Qxc4 Ne6
22. f4 Rad8 23. h4 Qc7 24. Rf1 Bf8 25. h5 Ng7 26. hxg6 hxg6 27. Be4 Qd7 28. Rce1
Nf5 29. Bxf5 gxf5 30. Kf2 Qd5 31. Rh1 Re6 32. Rh5 Rh6 33. Rg5+ Kh7 34. Qxd5 Rxd5
35. Kg2 Be7 36. Rxf5 Kg6 37. g4 Rb5 38. e6 Rxb3 39. Bxd4 Rxd3 40. exf7 Rd2+ 41.
Kg1 Bf8 42. Re8 1-0

[Event "36th ECC Open 2021"]
[Site "Struga MKD"]
[Date "2021.09.18"]
[Round "1.14"]
[Board "3"]
[White "Mihajlov, Svetoslav"]
[Black "Roeder, Matthias"]
[Result "1/2-1/2"]
[WhiteTitle "CM"]
[BlackTitle "IM"]
[WhiteElo "2167"]
[BlackElo "2372"]
[WhiteTeam "Baerum Schakselskap"]
[BlackTeam "Schachfreunde Wirtzfeld"]
[WhiteFideId "1507168"]
[BlackFideId "4600223"]
[EventDate "2021.09.18"]
[EventType "team"]

1. c4 c6 2. d4 d5 3. Nf3 Nf6 4. Nc3 e6 5. e3 a6 6. c5 b6 7. cxb6 Nbd7 8. Bd2
Qxb6 9. Na4 Qa7 10. Ba5 Bd6 11. Rc1 Bb7 12. Be2 O-O 13. b4 Rac8 14. O-O Bc7 15.
Bxc7 Rxc7 16. Ne5 a5 17. Nxd7 Nxd7 18. a3 Ba6 19. Bxa6 Qxa6 20. Nc5 Nxc5 21.
Rxc5 axb4 22. axb4 Rb8 23. Qa1 Qxa1 24. Rxa1 Kf8 25. Ra6 Rxb4 26. g3 g5 27.
Raxc6 Rxc6 28. Rxc6 Rb2 29. g4 Kg7 30. Kg2 Kg6 31. Rc7 h6 32. Rc6 h5 33. h3 h4
34. Ra6 Rc2 1/2-1/2

[Event "36th ECC Open 2021"]
[Site "Struga MKD"]
[Date "2021.09.18"]
[Round "1.14"]
[Board "4"]
[White "Boidman, Yuri"]
[Black "Lobersli, Henrik Oie"]
[Result "0-1"]
[WhiteTitle "IM"]
[WhiteElo "2318"]
[BlackElo "1987"]
[WhiteTeam "Schachfreunde Wirtzfeld"]
[BlackTeam "Baerum Schakselskap"]
[WhiteFideId "4643992"]
[BlackFideId "1511947"]
[EventDate "2021.09.18"]
[EventType "team"]

1. e4 e5 2. Nf3 Nc6 3. Bb5 a6 4. Ba4 Nf6 5. O-O Be7 6. Re1 b5 7. Bb3 O-O 8. d4
Nxd4 9. Bxf7+ Rxf7 10. Nxe5 Rf8 11. Qxd4 c5 12. Qd1 Bb7 13. Nc3 Qc7 14. Nf3 b4
15. Nd5 Nxd5 16. exd5 Bd6 17. c4 bxc3 18. bxc3 c4 19. Rb1 Rf5 20. Nd4 Bxh2+ 21.
Kh1 Rxf2 22. Qh5 Raf8 23. Ba3 Bd6 24. Bxd6 Qxd6 25. Re5 Bxd5 26. Rg1 R2f6 27.
Qh2 Qxe5 28. Qxe5 Rh6+ 29. Qh2 Rxh2+ 30. Kxh2 Rf2 31. a4 Ra2 32. Nf5 Kf7 33. Ne3
Be6 34. Rf1+ Ke7 35. Kg3 Rxa4 36. Kf4 Ra3 37. Rc1 Kd6 38. Ke4 Kc5 39. Rh1 Bf7
40. Rd1 d6 41. Rc1 Bg6+ 42. Kf4 Rb3 43. g4 Rb1 0-1